| 000 | 00541nam a22001457a 4500 | ||
|---|---|---|---|
| 020 | _a9781119063643 | ||
| 040 | _cNUST | ||
| 082 | _a629.2502 HAY | ||
| 100 |
_aHayes, John G _984182 |
||
| 110 |
_aGoodarzi, Gordon A _984183 |
||
| 245 |
_aElectric Powertrain : _bEnergy Systems, Power Electronics And Drives For Hybrid, Electric And Fuel Cell Vehicles |
||
| 260 |
_aHoboken: _bJohn Wiley & Sons, _c2018. |
||
| 650 |
_aElectric vehicles -- Power supply. Hybrid electric vehicles -- Power trains. Power electronics. _984184 |
||
| 942 |
_2ddc _cBK |
||
| 999 |
_c586761 _d586761 |
||